[Event "2. Torneo Campus Ourense 2015"]
[Site "Ourense ESP"]
[Date "2015.07.09"]
[Round "6.8"]
[White "Fernandez Lopez, Alejandro I"]
[Black "Sande Edreira, Jose Antonio"]
[Result "0-1"]
[WhiteElo "2007"]
[BlackElo "2277"]
[PlyCount "72"]
[EventDate "2015.07.06"]
[EventType "swiss"]
[EventRounds "9"]
[EventCountry "ESP"]
[SourceTitle "Ajedrez en Madrid"]
[Source "lmi"]
[SourceDate "2015.07.06"]
[SourceVersion "1"]
[SourceVersionDate "2019.06.14"]
[SourceQuality "1"]

1. e4 c5 2. Nf3 g6 3. d4 cxd4 4. Nxd4 Bg7 5. c4 Nc6 6. Be3 Nf6 7. Nc3 O-O 8.
Be2 d6 9. f3 Bd7 10. Qd2 Nxd4 11. Bxd4 Bc6 12. O-O a5 13. Rac1 Nd7 14. Be3 a4
15. Rfd1 Nc5 16. Rb1 Qa5 17. Rdc1 Rfc8 18. Nd5 Qd8 19. Nb4 h5 20. Nxc6 Rxc6 21.
b4 axb3 22. axb3 Ne6 23. b4 Ra3 24. Bf2 Qa8 25. Bf1 Ra2 26. Rc2 Rxc2 27. Qxc2
Ra6 28. c5 Ra2 29. Qc4 dxc5 30. bxc5 Qa5 31. Qb4 Qd8 32. Bc4 Rd2 33. Bxe6 fxe6
34. Qc4 Kf7 35. Be3 Rd3 36. Bf4 Rd1+ 0-1

[Event "2. Torneo Campus Ourense 2015"]
[Site "Ourense ESP"]
[Date "2015.07.09"]
[Round "6.9"]
[White "Costa, Paulo"]
[Black "Portela Peleteiro, Alberto"]
[Result "1/2-1/2"]
[WhiteElo "2107"]
[BlackElo "2105"]
[PlyCount "82"]
[EventDate "2015.07.06"]
[EventType "swiss"]
[EventRounds "9"]
[EventCountry "ESP"]
[SourceTitle "Ajedrez en Madrid"]
[Source "lmi"]
[SourceDate "2015.07.06"]
[SourceVersion "1"]
[SourceVersionDate "2019.06.14"]
[SourceQuality "1"]

1. d4 d5 2. c4 e6 3. Nc3 c6 4. e3 Bd6 5. Bd3 f5 6. Nge2 Nf6 7. f3 O-O 8. Qc2
Nbd7 9. Bd2 Qe7 10. O-O a6 11. c5 Bc7 12. b4 g6 13. e4 fxe4 14. fxe4 e5 15.
exd5 Nxd5 16. Bc4 N7f6 17. Bg5 exd4 18. Bxd5+ cxd5 19. Nxd5 Qe5 20. Nxc7 Qxg5
21. Nxa8 Qe3+ 22. Kh1 d3 23. Qc3 Qxe2 24. Rxf6 Rxf6 25. Qxf6 d2 26. Rf1 Bf5 27.
Qd8+ Kf7 28. Qd5+ Ke7 29. Qf3 Qxf3 30. gxf3 Bc2 31. Kg2 Kd7 32. Kf2 d1=Q 33.
Rxd1+ Bxd1 34. Nb6+ Kc6 35. Ke3 Kb5 36. a3 a5 37. Nd5 axb4 38. axb4 Kc4 39. Nf6
Kxb4 40. Nxh7 Kxc5 41. Nf8 Bc2 1/2-1/2

[Event "2. Torneo Campus Ourense 2015"]
[Site "Ourense ESP"]
[Date "2015.07.09"]
[Round "6.10"]
[White "Doval Gonzalez, Jose"]
[Black "Barrenechea Bahamonde, Gustavo"]
[Result "1-0"]
[WhiteElo "2001"]
[BlackElo "2208"]
[PlyCount "69"]
[EventDate "2015.07.06"]
[EventType "swiss"]
[EventRounds "9"]
[EventCountry "ESP"]
[SourceTitle "Ajedrez en Madrid"]
[Source "lmi"]
[SourceDate "2015.07.06"]
[SourceVersion "1"]
[SourceVersionDate "2019.06.14"]
[SourceQuality "1"]

1. e4 g6 2. d4 Bg7 3. Nc3 c5 4. Be3 cxd4 5. Bxd4 Nf6 6. e5 Nh5 7. Nge2 f5 8.
Ng3 Nxg3 9. hxg3 Nc6 10. f4 Qa5 11. Qd2 a6 12. Be3 e6 13. Qf2 Bf8 14. Bb6 Qb4
15. O-O-O Qe7 16. Bc4 Qg7 17. g4 fxg4 18. Ne4 Be7 19. Bc5 O-O 20. Bxe7 Qxe7 21.
Nf6+ Rxf6 22. exf6 Qxf6 23. Rh6 b5 24. Be2 d5 25. g3 Ra7 26. Bxg4 Rf7 27. Qd2
Qe7 28. Kb1 Bd7 29. Re1 Qd6 30. a3 a5 31. Qe2 Nd4 32. Qe5 Qc5 33. c3 Qf8 34.
Reh1 Nc6 35. Rxg6+ 1-0

[Event "2. Torneo Campus Ourense 2015"]
[Site "Ourense ESP"]
[Date "2015.07.10"]
[Round "7.1"]
[White "Lariño Nieto, David"]
[Black "Santos Latasa, Jaime"]
[Result "0-1"]
[WhiteElo "2451"]
[BlackElo "2511"]
[PlyCount "132"]
[EventDate "2015.07.06"]
[EventType "swiss"]
[EventRounds "9"]
[EventCountry "ESP"]
[SourceTitle "Ajedrez en Madrid"]
[Source "lmi"]
[SourceDate "2015.07.06"]
[SourceVersion "1"]
[SourceVersionDate "2019.06.14"]
[SourceQuality "1"]

1. b3 d5 2. Bb2 Bg4 3. g3 Nd7 4. Bg2 c6 5. c4 e6 6. d3 Bb4+ 7. Nd2 Ngf6 8. a3
Bd6 9. Ngf3 O-O 10. O-O a5 11. e4 dxe4 12. dxe4 Be5 13. Qc2 Bxb2 14. Qxb2 Bxf3
15. Bxf3 Qc7 16. Bg2 Rfd8 17. b4 Qe5 18. Rab1 Qxb2 19. Rxb2 axb4 20. axb4 Ne5
21. Rc2 Ra3 22. Rb1 Rad3 23. Rbb2 g5 24. f3 g4 25. f4 Nf3+ 26. Bxf3 gxf3 27. h3
e5 28. fxe5 Nd7 29. c5 Nxe5 30. Nc4 Rd1+ 31. Kf2 Nd3+ 32. Kxf3 Rd4 33. Ne3 Nxb2
34. Rxb2 R1d2 35. Rb1 R4d3 36. Re1 f6 37. Kg4 Kf7 38. Nf5 Ke6 39. Rf1 Re2 40.
Rf4 Ke5 41. Nd6 b5 42. Rf5+ Ke6 43. Rf1 Ree3 44. h4 Rxg3+ 45. Kh5 Rg6 46. Nf5
Rd7 47. Ra1 Ke5 48. Nd6 Kf4 49. Rf1+ Ke3 50. e5 fxe5 51. Re1+ Kd2 52. Rxe5 Kc3
53. Nf5 Kxb4 54. Ne7 Rxe7 55. Rxe7 Rg3 56. Rxh7 Kxc5 57. Rb7 b4 58. Kh6 b3 59.
h5 Kc4 60. Kh7 c5 61. h6 Kc3 62. Kh8 b2 63. h7 Rh3 64. Kg7 c4 65. Rb6 Rxh7+ 66.
Kxh7 Kc2 0-1

[Event "2. Torneo Campus Ourense 2015"]
[Site "Ourense ESP"]
[Date "2015.07.10"]
[Round "7.2"]
[White "Del Rio De Angelis, Salvador G"]
[Black "Kantans, Toms"]
[Result "0-1"]
[WhiteElo "2494"]
[BlackElo "2458"]
[PlyCount "82"]
[EventDate "2015.07.06"]
[EventType "swiss"]
[EventRounds "9"]
[EventCountry "ESP"]
[SourceTitle "Ajedrez en Madrid"]
[Source "lmi"]
[SourceDate "2015.07.06"]
[SourceVersion "1"]
[SourceVersionDate "2019.06.14"]
[SourceQuality "1"]

1. d4 Nf6 2. c4 c5 3. d5 e6 4. Nc3 exd5 5. cxd5 d6 6. e4 g6 7. Nge2 Bg7 8. Ng3
h5 9. Be2 O-O 10. Bg5 a6 11. a4 Nbd7 12. O-O Qe8 13. f4 Nh7 14. Bh4 Rb8 15. Ra3
Bd4+ 16. Kh1 Ndf6 17. h3 b5 18. axb5 axb5 19. Ra5 Bd7 20. Qd3 b4 21. Nd1 Qd8
22. Ra1 Re8 23. Qf3 Ra8 24. Rb1 Qc8 25. Kh2 c4 26. Rc1 Bg4 27. hxg4 hxg4 28.
Rxc4 gxf3 29. Rxc8 Raxc8 30. gxf3 Rc2 31. Kh3 Nh5 32. Bb5 Nxf4+ 33. Kg4 Rb8 34.
Ba4 Rh2 35. Be7 Be5 36. Ne3 Kg7 37. Rh1 Rxh1 38. Nxh1 Nf6+ 39. Bxf6+ Kxf6 40.
Nf2 Rh8 41. Nf1 g5 0-1

[Event "2. Torneo Campus Ourense 2015"]
[Site "Ourense ESP"]
[Date "2015.07.10"]
[Round "7.3"]
[White "Hoffman, Alejandro"]
[Black "Pazos Porta, Antonio"]
[Result "1/2-1/2"]
[WhiteElo "2456"]
[BlackElo "2332"]
[PlyCount "60"]
[EventDate "2015.07.06"]
[EventType "swiss"]
[EventRounds "9"]
[EventCountry "ESP"]
[SourceTitle "Ajedrez en Madrid"]
[Source "lmi"]
[SourceDate "2015.07.06"]
[SourceVersion "1"]
[SourceVersionDate "2019.06.14"]
[SourceQuality "1"]

1. d4 Nf6 2. c4 g6 3. Nc3 Bg7 4. e4 d6 5. f3 O-O 6. Be3 c5 7. Nge2 Nc6 8. Qd2
cxd4 9. Nxd4 Nxd4 10. Bxd4 Be6 11. Be2 Qa5 12. O-O Rfc8 13. b3 b5 14. b4 Qxb4
15. Rab1 Qa5 16. Rxb5 Qd8 17. Nd5 Bxd5 18. cxd5 Nd7 19. Bxg7 Kxg7 20. f4 Rcb8
21. Qd4+ Kg8 22. e5 Qc7 23. exd6 exd6 24. h3 Rxb5 25. Bxb5 Qc5 26. Qxc5 Nxc5
27. f5 Rb8 28. Bc6 gxf5 29. Rxf5 Kg7 30. Rf3 Rb2 1/2-1/2

[Event "2. Torneo Campus Ourense 2015"]
[Site "Ourense ESP"]
[Date "2015.07.10"]
[Round "7.4"]
[White "Sande Edreira, Jose Antonio"]
[Black "Lorenzo Duran, Marcos"]
[Result "1-0"]
[WhiteElo "2277"]
[BlackElo "2170"]
[PlyCount "63"]
[EventDate "2015.07.06"]
[EventType "swiss"]
[EventRounds "9"]
[EventCountry "ESP"]
[SourceTitle "Ajedrez en Madrid"]
[Source "lmi"]
[SourceDate "2015.07.06"]
[SourceVersion "1"]
[SourceVersionDate "2019.06.14"]
[SourceQuality "1"]

1. c4 c6 2. g3 d5 3. Nf3 Nf6 4. Bg2 Bg4 5. O-O Nbd7 6. b3 e5 7. cxd5 cxd5 8. d4
e4 9. Ne5 Bh5 10. Nc3 Rc8 11. Bb2 Bb4 12. Na4 O-O 13. Bh3 b5 14. a3 Ba5 15.
Nxd7 Nxd7 16. Nc5 Nxc5 17. dxc5 Rc6 18. b4 Bc7 19. a4 a6 20. axb5 axb5 21. Ra7
Re8 22. Qd2 e3 23. fxe3 Bg6 24. Bg2 Be4 25. Bxe4 Rxe4 26. Rf5 d4 27. Bxd4 Re8
28. Qa2 Ree6 29. Qd5 Qxd5 30. Rxd5 Bd8 31. Rb7 Bg5 32. Rxg5 1-0

[Event "2. Torneo Campus Ourense 2015"]
[Site "Ourense ESP"]
[Date "2015.07.10"]
[Round "7.5"]
[White "Iwanow, Anna"]
[Black "Almagro Llamas, Pablo"]
[Result "1-0"]
[WhiteElo "2206"]
[BlackElo "2445"]
[PlyCount "63"]
[EventDate "2015.07.06"]
[EventType "swiss"]
[EventRounds "9"]
[EventCountry "ESP"]
[SourceTitle "Ajedrez en Madrid"]
[Source "lmi"]
[SourceDate "2015.07.06"]
[SourceVersion "1"]
[SourceVersionDate "2019.06.14"]
[SourceQuality "1"]

1. e4 c6 2. d4 g6 3. Nc3 Bg7 4. Be3 d5 5. Qd2 h5 6. O-O-O a6 7. h3 b5 8. e5 e6
9. f4 h4 10. Nf3 Bf8 11. Bd3 Nd7 12. Qf2 Nb6 13. Kb1 Bd7 14. g4 hxg3 15. Qxg3
Nc4 16. Bc1 Qe7 17. h4 Nh6 18. Ng5 Nf5 19. Qf2 Ng7 20. Rh3 c5 21. dxc5 Qxc5 22.
Qg2 Bc6 23. Nxf7 Kxf7 24. Qxg6+ Kg8 25. Rg1 Qe7 26. h5 Be8 27. Qg4 Rh6 28. Bxc4
bxc4 29. f5 exf5 30. Qf3 Bxh5 31. Qxd5+ Bf7 32. Rxg7+ 1-0

[Event "2. Torneo Campus Ourense 2015"]
[Site "Ourense ESP"]
[Date "2015.07.10"]
[Round "7.6"]
[White "Paunovic, Dragan"]
[Black "Doval Gonzalez, Jose"]
[Result "1-0"]
[WhiteElo "2451"]
[BlackElo "2001"]
[PlyCount "47"]
[EventDate "2015.07.06"]
[EventType "swiss"]
[EventRounds "9"]
[EventCountry "ESP"]
[SourceTitle "Ajedrez en Madrid"]
[Source "lmi"]
[SourceDate "2015.07.06"]
[SourceVersion "1"]
[SourceVersionDate "2019.06.14"]
[SourceQuality "1"]

1. Nf3 g6 2. g3 Bg7 3. d4 c5 4. c3 cxd4 5. cxd4 Nf6 6. Nc3 O-O 7. Bg2 d5 8. Ne5
Nc6 9. O-O Be6 10. Nxc6 bxc6 11. Na4 Qc8 12. Bg5 h6 13. Bxf6 Bxf6 14. Rc1 Rb8
15. e3 Bg4 16. Qd2 Qa6 17. b3 e5 18. h3 Be6 19. Nc5 Qc8 20. dxe5 Bxe5 21. Kh2
f5 22. Nxe6 Qxe6 23. Rxc6 Qe8 24. Qxd5+ 1-0

[Event "2. Torneo Campus Ourense 2015"]
[Site "Ourense ESP"]
[Date "2015.07.10"]
[Round "7.7"]
[White "Fernandez Borrego, Pablo"]
[Black "Rodriguez Dominguez, Miguel I"]
[Result "1-0"]
[WhiteElo "2378"]
[BlackElo "2002"]
[PlyCount "57"]
[EventDate "2015.07.06"]
[EventType "swiss"]
[EventRounds "9"]
[EventCountry "ESP"]
[SourceTitle "Ajedrez en Madrid"]
[Source "lmi"]
[SourceDate "2015.07.06"]
[SourceVersion "1"]
[SourceVersionDate "2019.06.14"]
[SourceQuality "1"]

1. e4 c5 2. Nf3 e6 3. Nc3 Nc6 4. g3 a6 5. Bg2 b5 6. O-O Bb7 7. d4 cxd4 8. Nxd4
Qc7 9. Re1 Be7 10. Nxc6 Qxc6 11. Nd5 Rc8 12. c3 Ba8 13. Nf4 Bc5 14. Qg4 g6 15.
e5 Qb6 16. Be3 Bxe3 17. Rxe3 Bxg2 18. Nxg2 Ne7 19. Rd3 Rc5 20. Qf4 Qc7 21. Re1
Nd5 22. Qh6 Ne7 23. Qg7 Rg8 24. Qf6 Nd5 25. Qh4 h5 26. Qg5 Nb6 27. Nf4 Nc4 28.
Nxh5 Rh8 29. Nf6+ 1-0

[Event "2. Torneo Campus Ourense 2015"]
[Site "Ourense ESP"]
[Date "2015.07.10"]
[Round "7.8"]
[White "Medarde Santiago, Luis Marcos"]
[Black "Paiva, Henrique M A Alberg"]
[Result "1-0"]
[WhiteElo "2273"]
[BlackElo "1749"]
[PlyCount "63"]
[EventDate "2015.07.06"]
[EventType "swiss"]
[EventRounds "9"]
[EventCountry "ESP"]
[SourceTitle "Ajedrez en Madrid"]
[Source "lmi"]
[SourceDate "2015.07.06"]
[SourceVersion "1"]
[SourceVersionDate "2019.06.14"]
[SourceQuality "1"]

1. e4 c5 2. Nc3 e6 3. Nf3 d6 4. d4 cxd4 5. Nxd4 Nc6 6. Bc4 Nf6 7. Bb3 Be7 8.
O-O Bd7 9. Kh1 O-O 10. f4 e5 11. Nde2 Bg4 12. f5 Nd4 13. Qd3 Bxe2 14. Nxe2 Nxb3
15. axb3 d5 16. exd5 Nxd5 17. Qf3 Nb4 18. c3 Nc6 19. Ng3 f6 20. Ra4 Qe8 21. Nh5
Rf7 22. Rh4 Bf8 23. Qh3 Qd7 24. Nf4 h6 25. Ne6 Nd8 26. Qg4 Re7 27. Rd1 Qe8 28.
Nxf8 Kxf8 29. Rxh6 Kg8 30. Rxf6 Qb5 31. Rg6 Qa5 32. f6 1-0

[Event "2. Torneo Campus Ourense 2015"]
[Site "Ourense ESP"]
[Date "2015.07.10"]
[Round "7.9"]
[White "Portela Peleteiro, Alberto"]
[Black "Rodriguez Lopez, Rafael"]
[Result "1-0"]
[WhiteElo "2105"]
[BlackElo "2267"]
[PlyCount "79"]
[EventDate "2015.07.06"]
[EventType "swiss"]
[EventRounds "9"]
[EventCountry "ESP"]
[SourceTitle "Ajedrez en Madrid"]
[Source "lmi"]
[SourceDate "2015.07.06"]
[SourceVersion "1"]
[SourceVersionDate "2019.06.14"]
[SourceQuality "1"]

1. e4 c5 2. Nf3 d6 3. d4 cxd4 4. Nxd4 Nf6 5. Nc3 a6 6. Qd3 g6 7. Bg5 Bg7 8.
O-O-O O-O 9. Be2 Nc6 10. Nxc6 bxc6 11. e5 Bf5 12. exf6 exf6 13. Qxd6 fxg5 14.
Qxd8 Rfxd8 15. Rxd8+ Rxd8 16. Bxa6 Be6 17. Rd1 Rb8 18. a4 g4 19. Be2 Ra8 20.
Rd6 Bxc3 21. bxc3 Bd5 22. Bxg4 Rxa4 23. Bh3 Ra1+ 24. Kd2 Rh1 25. Ke3 Rxh2 26.
f3 Kf8 27. c4 Bxc4 28. Rxc6 Be6 29. Bxe6 fxe6 30. Kf2 Ke7 31. Kg3 Rh5 32. Rc4
Kd6 33. Rd4+ Kc5 34. Re4 Rg5+ 35. Kf2 e5 36. g4 h5 37. Kg3 hxg4 38. fxg4 Kd5
39. Kf3 Kc5 40. c4 1-0

[Event "2. Torneo Campus Ourense 2015"]
[Site "Ourense ESP"]
[Date "2015.07.10"]
[Round "7.10"]
[White "Baltar Iglesias, David"]
[Black "Puga Sanchez, Miguel"]
[Result "1-0"]
[WhiteElo "2166"]
[BlackElo "1904"]
[PlyCount "143"]
[EventDate "2015.07.06"]
[EventType "swiss"]
[EventRounds "9"]
[EventCountry "ESP"]
[SourceTitle "Ajedrez en Madrid"]
[Source "lmi"]
[SourceDate "2015.07.06"]
[SourceVersion "1"]
[SourceVersionDate "2019.06.14"]
[SourceQuality "1"]

1. d4 d5 2. Nf3 Nf6 3. c4 e6 4. Nc3 Be7 5. Bf4 O-O 6. e3 c6 7. c5 Nbd7 8. h3 b6
9. b4 bxc5 10. bxc5 Qa5 11. Rc1 Ne4 12. Qc2 Bd8 13. Nd2 Nxd2 14. Qxd2 f6 15.
Bd6 Re8 16. Bd3 e5 17. O-O Bc7 18. Bxc7 Qxc7 19. f4 Nf8 20. fxe5 fxe5 21. Qf2
Qe7 22. Rce1 e4 23. Be2 Bd7 24. Qg3 Ne6 25. Rb1 Bc8 26. Rf2 Qg5 27. Qxg5 Nxg5
28. Bf1 Ne6 29. Rfb2 Kf8 30. Be2 Nc7 31. Rb3 Ne6 32. Rb4 Nc7 33. Bd1 Na6 34.
R4b2 Re7 35. Ba4 Rc7 36. a3 g6 37. Na2 Ke7 38. Nc1 Kf7 39. Nb3 Rb8 40. Na5 Rxb2
41. Rxb2 Bd7 42. Nb7 Ke7 43. Nd6 Be6 44. Bd1 Rd7 45. Be2 Nc7 46. Nc8+ Kf7 47.
Nxa7 Ne8 48. Nxc6 Kg7 49. a4 Rc7 50. Rb6 Bc8 51. Nb4 Ra7 52. Bb5 Nf6 53. Rd6
Nh5 54. Kh2 Rf7 55. Nxd5 g5 56. Nc3 g4 57. hxg4 Nf6 58. Rxf6 Rxf6 59. Nxe4 Rh6+
60. Kg3 Rg6 61. g5 h6 62. d5 Bf5 63. Kf4 Bxe4 64. gxh6+ Rxh6 65. Kxe4 Kf7 66.
d6 Ke6 67. Kd4 Rh1 68. a5 Rd1+ 69. Bd3 Rg1 70. a6 Rxg2 71. a7 Rg4+ 72. Be4 1-0

[Event "2. Torneo Campus Ourense 2015"]
[Site "Ourense ESP"]
[Date "2015.07.11"]
[Round "8.1"]
[White "Santos Latasa, Jaime"]
[Black "Kantans, Toms"]
[Result "1/2-1/2"]
[WhiteElo "2511"]
[BlackElo "2458"]
[PlyCount "82"]
[EventDate "2015.07.06"]
[EventType "swiss"]
[EventRounds "9"]
[EventCountry "ESP"]
[SourceTitle "Ajedrez en Madrid"]
[Source "lmi"]
[SourceDate "2015.07.06"]
[SourceVersion "1"]
[SourceVersionDate "2019.06.14"]
[SourceQuality "1"]

1. d4 Nf6 2. c4 c5 3. d5 e6 4. Nc3 exd5 5. cxd5 d6 6. e4 g6 7. h3 Bg7 8. Nf3
O-O 9. Bd3 b5 10. Bxb5 Nxe4 11. Nxe4 Qa5+ 12. Nfd2 Qxb5 13. Nxd6 Qa6 14. N2c4
Nd7 15. O-O Ne5 16. Nxc8 Raxc8 17. Nxe5 Bxe5 18. Re1 Rfe8 19. Bg5 Qd6 20. Qa4
Qxd5 21. Rad1 Qc6 22. Qxc6 Rxc6 23. Bf4 Rce6 24. Bxe5 Rxe5 25. Rxe5 Rxe5 26.
Kf1 c4 27. Rc1 Re4 28. Rc3 Kg7 29. f3 Rd4 30. Ke2 Kf6 31. Ke3 Ke5 32. g3 f5 33.
Ra3 Rd7 34. Ra5+ Ke6 35. g4 Rd3+ 36. Ke2 f4 37. Rxa7 Re3+ 38. Kf2 Rd3 39. Ke2
Re3+ 40. Kf2 Rd3 41. Ke2 Re3+ 1/2-1/2

[Event "2. Torneo Campus Ourense 2015"]
[Site "Ourense ESP"]
[Date "2015.07.11"]
[Round "8.2"]
[White "Hoffman, Alejandro"]
[Black "Sande Edreira, Jose Antonio"]
[Result "1-0"]
[WhiteElo "2456"]
[BlackElo "2277"]
[PlyCount "75"]
[EventDate "2015.07.06"]
[EventType "swiss"]
[EventRounds "9"]
[EventCountry "ESP"]
[SourceTitle "Ajedrez en Madrid"]
[Source "lmi"]
[SourceDate "2015.07.06"]
[SourceVersion "1"]
[SourceVersionDate "2019.06.14"]
[SourceQuality "1"]

1. d4 Nf6 2. c4 g6 3. Nc3 Bg7 4. e4 d6 5. f3 O-O 6. Be3 c5 7. dxc5 dxc5 8. Qxd8
Rxd8 9. Bxc5 Nc6 10. Nge2 Nd7 11. Be3 Nf8 12. Nf4 Ne6 13. Nfd5 Ned4 14. O-O-O
e6 15. Nc7 Rb8 16. N7b5 a6 17. Nxd4 Nxd4 18. Ne2 e5 19. Nxd4 exd4 20. Bf4 Ra8
21. Bc7 Rd7 22. Bb6 Rd6 23. c5 Rc6 24. Bc4 Be6 25. Bd5 Bxd5 26. exd5 Rxb6 27.
cxb6 Rd8 28. Rhe1 Bf6 29. Rd3 Kg7 30. Rb3 Rxd5 31. Kd2 Rd6 32. Kd3 Bd8 33. Re4
Bf6 34. Re8 Bd8 35. Rb4 Bxb6 36. Re7 Bd8 37. Rexb7 Bf6 38. R4b6 1-0

[Event "2. Torneo Campus Ourense 2015"]
[Site "Ourense ESP"]
[Date "2015.07.11"]
[Round "8.3"]
[White "Iwanow, Anna"]
[Black "Lariño Nieto, David"]
[Result "0-1"]
[WhiteElo "2206"]
[BlackElo "2451"]
[PlyCount "92"]
[EventDate "2015.07.06"]
[EventType "swiss"]
[EventRounds "9"]
[EventCountry "ESP"]
[SourceTitle "Ajedrez en Madrid"]
[Source "lmi"]
[SourceDate "2015.07.06"]
[SourceVersion "1"]
[SourceVersionDate "2019.06.14"]
[SourceQuality "1"]

1. e4 c6 2. d4 g6 3. Nc3 d5 4. Be3 dxe4 5. Nxe4 Nf6 6. Nxf6+ exf6 7. Bd3 Bg7 8.
Ne2 Na6 9. Qd2 Nc7 10. Bh6 Bxh6 11. Qxh6 Ne6 12. O-O Qd6 13. c3 Bd7 14. b4 f5
15. Bc4 O-O-O 16. Rfd1 Kb8 17. a4 f6 18. b5 Ng5 19. bxc6 Qxc6 20. Bb5 Qe6 21.
d5 Qe5 22. Nd4 Bxb5 23. axb5 Rd7 24. h4 Ne4 25. Qc1 Qd6 26. Ra3 Rc8 27. Qa1 Qc5
28. Rb1 Rxd5 29. b6 a6 30. Rb5 Qxd4 31. cxd4 Rxb5 32. Rxa6 bxa6 33. Qxa6 Rb1+
34. Kh2 Rcc1 35. Qa7+ Kc8 36. g3 Rb2 37. Qa8+ Kd7 38. Qa4+ Ke6 39. Qe8+ Kd5 40.
Qa8+ Kxd4 41. Qa4+ Rc4 42. Qd7+ Kc3 43. b7 Rcb4 44. Qc6+ Kd2 45. Qd5+ Ke1 46.
Kg1 Nxf2 0-1

[Event "2. Torneo Campus Ourense 2015"]
[Site "Ourense ESP"]
[Date "2015.07.11"]
[Round "8.4"]
[White "Pazos Porta, Antonio"]
[Black "Del Rio De Angelis, Salvador G"]
[Result "1-0"]
[WhiteElo "2332"]
[BlackElo "2494"]
[PlyCount "73"]
[EventDate "2015.07.06"]
[EventType "swiss"]
[EventRounds "9"]
[EventCountry "ESP"]
[SourceTitle "Ajedrez en Madrid"]
[Source "lmi"]
[SourceDate "2015.07.06"]
[SourceVersion "1"]
[SourceVersionDate "2019.06.14"]
[SourceQuality "1"]

1. e4 e6 2. d4 c5 3. Nf3 cxd4 4. Nxd4 Nf6 5. Nc3 d6 6. g3 Nc6 7. Bg2 Bd7 8. Nb3
Be7 9. O-O O-O 10. Qe2 a6 11. a4 Na5 12. Be3 Rc8 13. Nxa5 Qxa5 14. Rfd1 Bc6 15.
h3 Rfe8 16. Qd2 Qh5 17. Qd4 d5 18. exd5 Nxd5 19. Nxd5 Bxd5 20. Bxd5 exd5 21.
Qxd5 Qxh3 22. c3 Bf6 23. Qd7 Qxd7 24. Rxd7 Re7 25. Rad1 Kf8 26. Rd8+ Re8 27.
Rxc8 Rxc8 28. Rd7 Rb8 29. Ba7 Ke8 30. Rc7 Rd8 31. Rxb7 Rd1+ 32. Kg2 Ra1 33. Rb4
Be7 34. Rb8+ Kd7 35. Rb7+ Ke6 36. Rb6+ Kd5 37. Rxa6 1-0

[Event "2. Torneo Campus Ourense 2015"]
[Site "Ourense ESP"]
[Date "2015.07.11"]
[Round "8.5"]
[White "Medarde Santiago, Luis Marcos"]
[Black "Paunovic, Dragan"]
[Result "0-1"]
[WhiteElo "2273"]
[BlackElo "2451"]
[PlyCount "124"]
[EventDate "2015.07.06"]
[EventType "swiss"]
[EventRounds "9"]
[EventCountry "ESP"]
[SourceTitle "Ajedrez en Madrid"]
[Source "lmi"]
[SourceDate "2015.07.06"]
[SourceVersion "1"]
[SourceVersionDate "2019.06.14"]
[SourceQuality "1"]

1. e4 d6 2. d4 Nf6 3. Nc3 e5 4. Nf3 Nbd7 5. Bc4 Be7 6. O-O Nb6 7. Bb3 exd4 8.
Qxd4 O-O 9. Rd1 Bg4 10. Qe3 Nfd7 11. h3 Bxf3 12. Qxf3 a5 13. a4 Bf6 14. Nd5
Nxd5 15. Bxd5 c6 16. Ba2 Qe7 17. Bf4 Be5 18. c3 Nc5 19. Bxe5 Qxe5 20. Bb1 Rfe8
21. Bc2 Rad8 22. Re1 d5 23. Rad1 dxe4 24. Rxd8 Rxd8 25. Bxe4 g6 26. Qe2 Re8 27.
Qc4 Kg7 28. Re3 Nxe4 29. f3 f5 30. fxe4 fxe4 31. Qe2 h5 32. Qd2 Re7 33. Qe2 Qd5
34. Kh2 b5 35. axb5 cxb5 36. Qe1 Re6 37. Qe2 b4 38. cxb4 axb4 39. Qc2 Re7 40.
Qe2 Qd4 41. Kh1 Qe5 42. Qd2 Qc5 43. Qe1 Qc4 44. Kh2 Kh7 45. Qh4 Qe6 46. Qe1
Qe5+ 47. Kh1 Qd4 48. Kh2 Qc4 49. Qh4 Qc7+ 50. Qg3 Qe5 51. Qxe5 Rxe5 52. h4 g5
53. Kg3 Kg6 54. Re1 Kf5 55. Rf1+ Ke6 56. hxg5 Rxg5+ 57. Kh2 Ke5 58. Kg1 e3 59.
Rc1 Rf5 60. Rc4 e2 61. Rc5+ Ke4 62. Rc1 Ke3 0-1

[Event "2. Torneo Campus Ourense 2015"]
[Site "Ourense ESP"]
[Date "2015.07.11"]
[Round "8.6"]
[White "Portela Peleteiro, Alberto"]
[Black "Fernandez Borrego, Pablo"]
[Result "1/2-1/2"]
[WhiteElo "2105"]
[BlackElo "2378"]
[PlyCount "135"]
[EventDate "2015.07.06"]
[EventType "swiss"]
[EventRounds "9"]
[EventCountry "ESP"]
[SourceTitle "Ajedrez en Madrid"]
[Source "lmi"]
[SourceDate "2015.07.06"]
[SourceVersion "1"]
[SourceVersionDate "2019.06.14"]
[SourceQuality "1"]

1. e4 c5 2. Nf3 Nc6 3. d4 cxd4 4. Nxd4 g6 5. Nc3 Bg7 6. Nb3 Bxc3+ 7. bxc3 Nf6
8. Bd3 d5 9. exd5 Qxd5 10. O-O Bf5 11. c4 Qd7 12. Rb1 b6 13. Qf3 Bxd3 14. cxd3
O-O 15. Bb2 Rac8 16. Rbd1 Qg4 17. Qxg4 Nxg4 18. Rfe1 Nh6 19. Ba3 Nf5 20. d4 Nd6
21. d5 Nxc4 22. Bxe7 Nxe7 23. Rxe7 a5 24. d6 Kg7 25. d7 Ra8 26. Nd4 Nd6 27. Nc6
Nb7 28. g3 b5 29. Re5 Nd8 30. Nxd8 Rfxd8 31. Rxb5 a4 32. h4 Kf6 33. Rb4 Ra7 34.
Rdd4 a3 35. Rb3 h6 36. Rdd3 Rdxd7 37. Rxd7 Rxd7 38. Rxa3 Rd2 39. Kg2 Kg7 40.
Ra6 Rc2 41. Ra5 Rc3 42. a4 Ra3 43. g4 Kh7 44. f3 Kg7 45. Kg3 Kh7 46. Kf4 Kg7
47. Ra7 g5+ 48. hxg5 hxg5+ 49. Kxg5 Rxf3 50. Rb7 Rc3 51. Rb5 f6+ 52. Kf5 Rf3+
53. Ke4 Rg3 54. Kf4 Ra3 55. Rb4 Kg6 56. Ke4 Kg5 57. Kd5 f5 58. gxf5 Kxf5 59.
Kc6 Ke6 60. Kb6 Kd7 61. Rc4 Rb3+ 62. Ka6 Rb1 63. a5 Rb2 64. Ka7 Rb1 65. a6 Rb2
66. Ka8 Rb1 67. a7 Rb2 68. Rc5 1/2-1/2

[Event "2. Torneo Campus Ourense 2015"]
[Site "Ourense ESP"]
[Date "2015.07.11"]
[Round "8.7"]
[White "Lorenzo Duran, Marcos"]
[Black "Baltar Iglesias, David"]
[Result "1/2-1/2"]
[WhiteElo "2170"]
[BlackElo "2166"]
[PlyCount "37"]
[EventDate "2015.07.06"]
[EventType "swiss"]
[EventRounds "9"]
[EventCountry "ESP"]
[SourceTitle "Ajedrez en Madrid"]
[Source "lmi"]
[SourceDate "2015.07.06"]
[SourceVersion "1"]
[SourceVersionDate "2019.06.14"]
[SourceQuality "1"]

1. d4 Nf6 2. c4 e6 3. Nc3 c5 4. e3 d5 5. Nf3 cxd4 6. exd4 Bb4 7. Bd3 O-O 8. O-O
dxc4 9. Bxc4 b6 10. Bg5 Bxc3 11. bxc3 Bb7 12. Ne5 Qc7 13. Bxf6 gxf6 14. Qg4+
Kh8 15. Qh4 fxe5 16. Qf6+ Kg8 17. Qg5+ Kh8 18. Qf6+ Kg8 19. Qg5+ 1/2-1/2